| 000 | 00806nam a2200205 a 4500 | ||
|---|---|---|---|
| 003 | 0 | ||
| 005 | 20250331083317.0 | ||
| 008 | 050810s19uu xx 00 eng d | ||
| 050 |
_aPGS HQ 777.5 _b.Y19 2005 |
||
| 100 | _aYamaguchi, Shuichi. | ||
| 245 |
_aLifestyle preferences of the lower school children of half parentages / _cShuichi Yamaguchi. |
||
| 260 |
_aLas PiƱas City, Philippines : _bSouthville International School and Colleges, _c2005. |
||
| 300 |
_a26 pages : _billustrations ; _c28 cm. |
||
| 504 | _aIncludes bibliographical references. | ||
| 650 |
_aChildren of single parents _vSocial conditions. |
||
| 650 |
_aSingle-parent families _vPsychological aspects. |
||
| 650 |
_aFamily structure _vEffects on children. |
||
| 650 |
_aChild development _vFamily influences. |
||
| 942 |
_2lcc _cPASS |
||
| 999 |
_c97442 _d97442 |
||